<?xml version="1.0" encoding="UTF-8"?>
<record
    xmlns:xsi="http://www.w3.org/2001/XMLSchema-instance"
    xsi:schemaLocation="http://www.loc.gov/MARC21/slim http://www.loc.gov/standards/marcxml/schema/MARC21slim.xsd"
    xmlns="http://www.loc.gov/MARC21/slim">

  <leader>00699nam a22001937a 4500</leader>
  <datafield tag="999" ind1=" " ind2=" ">
    <subfield code="c">169795</subfield>
    <subfield code="d">169795</subfield>
  </datafield>
  <controlfield tag="005">20191204152336.0</controlfield>
  <datafield tag="010" ind1=" " ind2=" ">
    <subfield code="a">A-586617</subfield>
  </datafield>
  <datafield tag="020" ind1=" " ind2=" ">
    <subfield code="c">N.A.</subfield>
  </datafield>
  <datafield tag="035" ind1=" " ind2=" ">
    <subfield code="a">A-586617</subfield>
  </datafield>
  <datafield tag="037" ind1=" " ind2=" ">
    <subfield code="b">BPPD</subfield>
  </datafield>
  <datafield tag="082" ind1=" " ind2=" ">
    <subfield code="a">270</subfield>
  </datafield>
  <datafield tag="100" ind1=" " ind2=" ">
    <subfield code="a">&#x645;&#x64A;&#x62A;&#x627; &#x645;&#x645;&#x62A;&#x627; &#x67E;&#x631; &#x648; &#x627; &#x646;&#x6C1; </subfield>
  </datafield>
  <datafield tag="245" ind1=" " ind2=" ">
    <subfield code="a">&#x6A9;&#x631; &#x628;&#x644;&#x627; &#x6A9;&#x6D2; &#x628;&#x639;&#x62F; &#x642;&#x627; &#x62A;&#x644;&#x627; &#x646; &#x62D;&#x633;&#x64A;&#x646; &#x6A9;&#x627; &#x639;&#x628;&#x631; &#x62A; &#x646;&#x627; &#x6A9; &#x627; &#x646;&#x62C;&#x627; &#x645;  </subfield>
    <subfield code="c">&#x67E;&#x631; &#x648; &#x627; &#x646;&#x6C1; &#x631; &#x62F; &#x648; &#x644;&#x648; &#x6CC; </subfield>
  </datafield>
  <datafield tag="246" ind1=" " ind2=" ">
    <subfield code="a">Karbala ke Baad Qatilan Hussain ka Ibrat Naak Anjam (Urdu)</subfield>
    <subfield code="b">by Parvana Radolvi  </subfield>
  </datafield>
  <datafield tag="260" ind1=" " ind2=" ">
    <subfield code="a">N.Delhi</subfield>
    <subfield code="b">Parvana Radolvi  </subfield>
    <subfield code="c">N.A.</subfield>
  </datafield>
  <datafield tag="270" ind1=" " ind2=" ">
    <subfield code="a">165,Houz Rani Malviya Nagar ,</subfield>
    <subfield code="b">N.Delhi</subfield>
    <subfield code="e">110017</subfield>
    <subfield code="k">6452539</subfield>
  </datafield>
  <datafield tag="300" ind1=" " ind2=" ">
    <subfield code="a">120 &#x635;</subfield>
    <subfield code="c">22 cm(hb)</subfield>
  </datafield>
  <datafield tag="942" ind1=" " ind2=" ">
    <subfield code="2">ddc</subfield>
    <subfield code="c">UR</subfield>
    <subfield code="h">270</subfield>
    <subfield code="m">&#x67E; &#x631; &#x648; </subfield>
  </datafield>
  <datafield tag="952" ind1=" " ind2=" ">
    <subfield code="0">0</subfield>
    <subfield code="1">0</subfield>
    <subfield code="4">0</subfield>
    <subfield code="7">-1</subfield>
    <subfield code="8">NFIC</subfield>
    <subfield code="a">L</subfield>
    <subfield code="b">L</subfield>
    <subfield code="d">2019-12-04</subfield>
    <subfield code="e">BPPD/Ven.</subfield>
    <subfield code="g">0.00</subfield>
    <subfield code="l">0</subfield>
    <subfield code="o">270 &#x67E; &#x631; &#x648;</subfield>
    <subfield code="p">A-586617</subfield>
    <subfield code="r">2019-12-04 00:00:00</subfield>
    <subfield code="t">1</subfield>
    <subfield code="v">0.00</subfield>
    <subfield code="w">2019-12-04</subfield>
    <subfield code="y">UR</subfield>
  </datafield>
</record>
